Normal view
MARC view
Entry Personal Name
001 - CONTROL NUMBER
- control field: 41261
003 - CONTROL NUMBER IDENTIFIER
- control field: OSt
005 - DATE AND TIME OF LATEST TRANSACTION
- control field: 20211105154841.0
008 - FIXED-LENGTH DATA ELEMENTS
- fixed length control field: 211105|| aca||aabn | a|a d
040 ## - CATALOGING SOURCE
- Original cataloging agency: OSt
- Transcribing agency: OSt
100 ## - HEADING--PERSONAL NAME
- Personal name: Zhang, Xuping, ed
670 ## - SOURCE DATA FOUND
- Source citation: Work cat.: (OSt): Zhang, Xuping, ed., 2008 International Conference on Optical Instruments and Technology: Microelectronic and Optoelectronic Devices and Integration, 2009